000 00734nam a2200217Ia 4500
001 64633
003 OSt
005 20150702102327.0
008 150204s9999 xx 000 0 und d
020 _a9789699473449
040 _cPK-LaUMT
082 _a 891.4393
_bSID-J
100 _aSidhwa, Bipsi(سدھوا، بپسی)
245 _aJungle wala sahib (Urdu)(جنگل والا صاحب)
_cSidhwa, Bipsi|Umer Memon, Muhammad(سدھوا، بپسی[ عمیر میمن ، محمد)
260 _aLahore,Pakistan:(لاہور، پاکستان )
_bIlqa Publications,(القا پبلیکیشنز)
_c2012
300 _a287 p.
546 _aUR
650 _aPakistani literature-Urdu
700 _aUmer Memon, Muhammad
942 _cBK
_2ddc
999 _c65779
_d65779